UECL 24/25 Teams (Difficult) - Statistics

General Stats
  • This quiz has been taken 29 times
  • The average score is 17 of 36
Answer Stats
Picture Answer % Correct
Chelsea
100%
Fiorentina
81%
Real Betis
81%
APOEL
76%
Gent
71%
Lugano
71%
Panathinaikos
71%
Copenhagen
67%
Heidenheim
67%
Legia Warsaw
67%
Shamrock Rovers
67%
Basaksehir
62%
Djurgarden
57%
Hearts
57%
Molde
57%
Cercle Brugge
52%
Pafos
52%
Rapid Wien
52%
LASK
48%
Jagiellonia
38%
Dinamo Minsk
33%
Guimares
33%
Omonia
33%
Noah
29%
Olimpija
29%
Vikingur
29%
Astana
24%
Gallen
24%
HJK
24%
The New Saints
24%
Celje
19%
Larne
14%
Mlada Boleslav
14%
Petrocub
14%
Backa Topala
10%
Boraj Banca
5%
No matching quizzes found
Score Distribution
Percent of People with Each Score
Percentile by Number Answered
Your Score History
You have not taken this quiz